000 00636nam a2200217Ia 4500
005 20260429112140.0
008 260429s9999||||xx |||||||||||||| ||und||
020 _a9781032267074
041 _aEnglish
082 _a306.4819
_bSEY
100 _aSeyfi, Siamak
245 0 _aGen Z, tourism, and sustainable consumption :
_bthe most sustainable generation ever? /
_cSiamak Seyfi
250 _a1st ed.
260 _aLondon :
_bRoutledge,
_c2024.
300 _axviii, 188 p.; pbk
650 _a Tourism, Sustainable generation
650 _aGen Z
700 _a Hall, Michael C.
700 _a Strzelecka, Marianna
942 _cTB
999 _c52598
_d52598